Niederlausitzer Ortsnamen in neuer Sicht

Titel: Niederlausitzer Ortsnamen in neuer Sicht : (mit einer Karte) / Walter Wenzel
Verfasser:
In: Onomastica Slavogermanica, Band 25 (2008), Seite 340-361
alle Artikel anzeigen
Veröffentlicht: 2008
Format: Aufsatz
Sprache: Deutsch
Kein Bild verfügbar
X
alg: 21600483
001A    $04505:21-09-09 
001B    $01999:19-03-19 $t23:11:36.000 
001C    $04505:21-09-09 $t11:29:00.000 
001D    $04505:21-09-09 
001U    $0utf8 
001X    $00 
002@    $0Aou 
003@    $0216004837 
007A    $0216004837 $aHEB 
010@    $ager 
011@    $a2008 
021A    $aNiederlausitzer Ortsnamen in neuer Sicht $d(mit einer Karte) $hWalter Wenzel 
028A    $#Vencel', V. $7121504875 $8Wenzel, Walter$Z1929- [Tp1] $915287268X 
031A    $d25 $h340-361 $j2008 
039B    $aIn $8--Abvc--. Onomastica Slavogermanica. - Stuttgart ; Leipzig : Hirzel, 1965-. - ISSN 0474-1471 $x200800000250000660 $9047296038 
045T    $a7,11 $a7,39 
045T    $aLING $qDE-30 $2FID 
045T    $aGER $qDE-30 $2FID 
045W    $801.01.01.009.03.08$jLausitzisch [Tkv] $9418388881 
045W    $804.07.06$jOrtsnamen [Tkv] $9133073769 
045W    $804.07.28$jNamenbuch [Tkv] $9133116379 

lok: 21600483 64

exp: 21600483 64 1 #EPN
201B/01 $021-09-09 $t11:28:05.000 
201C/01 $021-09-09 
201U/01 $0utf8 
203@/01 $0581876520 
208@/01 $a21-09-09 $be 
209A/01 $a0 $f000 $x00 
209B/01 $a35 $x05 
247C/01 $8Frankfurt, Bibliographie Linguistischer Literatur $9129368261 

lok: 21600483 78

exp: 21600483 78 1 #EPN
201B/01 $021-07-20 $t15:48:59.000 
201C/01 $021-07-20 
201U/01 $0utf8 
203@/01 $01116150204 
208@/01 $a21-07-20 $be 
209A/01 $a/ $f000 $x00 
209A/01 $ab*p $x01 
220C/01 $apgar 
244Z/01 $#Germania Slavica $#"Germania Slavica" $#Germania Slavica $#Germania Slavica $#Germania Slavica $#Germania Slavica $#Germania Slavica $8--Trx--Germania Slavica $x01 $9391371002 
247C/01 $82080>Marburg/Lahn, Herder-Institut, Forschungsbibliothek, Bibliographieportal $9336309341
LEADER 00000caa a2200000 c 4500
001 216004837
003 DE-603
005 20190319231136.0
007 tu
008 090921s2008 xx |||| | u00||u|ger c
035 |a (DE-599)HEB216004837 
040 |a DE-603  |b ger  |c DE-603  |d DE-603 
041 |a ger 
084 |a 7,11  |a 7,39  |2 ssgn 
084 |a LING  |q DE-30  |2 fid 
084 |a GER  |q DE-30  |2 fid 
100 1 |a Wenzel, Walter  |d 1929-  |0 (DE-603)15287268X  |0 (DE-588)121504875  |2 gnd 
245 0 0 |a Niederlausitzer Ortsnamen in neuer Sicht  |b (mit einer Karte)  |c Walter Wenzel 
264 0 |c 2008 
773 0 8 |i In  |t Onomastica Slavogermanica  |d Stuttgart ; Leipzig : Hirzel, 1965-  |h 24 cm  |x 0474-1471  |g Band 25 (2008), Seite 340-361  |w (DE-603)047296038  |w (DE-600)207370-5 
924 0 |9 603  |a (DE-603)581876520  |b DE-603  |c HES  |d d 
924 0 |9 2080  |a (DE-603)1116150204  |b DE-2080  |c HES  |d d  |g /